[Event "Bretagne-ch U10"]
[Site "Ploermel"]
[Date "2007.02.15"]
[Round "5"]
[White "Catherine, Pierre Emmanuel"]
[Black "Candalh, Theo"]
[Result "1-0"]
[WhiteElo "1530"]
[BlackElo "1380"]
[PlyCount "67"]
[EventDate "2007.02.14"]
[EventType "tourn"]
[EventRounds "6"]
[EventCountry "FRA"]
[SourceTitle "EXT 2008"]
[Source "ChessBase"]
[SourceDate "2007.11.25"]
[SourceVersion "1"]
[SourceVersionDate "2007.11.25"]
[SourceQuality "1"]

1. e4 e5 2. f4 exf4 3. Nf3 Nf6 4. e5 Ne4 5. d3 Nc5 6. d4 Ne4 7. Bxf4 d5 8. Bd3 Bf5 9. Nbd2 c5 10. c3 cxd4 11. cxd4 Bb4 12. Qa4+ Nc6 13. Rd1 0-0 14. a3 Bxd2+ 15. Bxd2 Nxd2 16. Rxd2 Bg4 17. 0-0 f6 18. Qc2 g6 19. Bxg6 hxg6 20. Qxg6+ Kh8 21. Qxg4 Qe7 22. Nh4 Rg8 23. Ng6+ Rxg6 24. Qxg6 fxe5 25. Qh5+ Kg8 26. Rd3 Nxd4 27. Rg3+ Qg7 28. Rxg7+ Kxg7 29. Qxe5+ Kg6 30. Rf6+ Kh7 31. Qg5 Nf5 32. Qxf5+ Kg8 33. Qg5+ Kh8 34. Rh6# 1-0

[Event "FRA-chT U20 0405"]
[Site "Agneaux"]
[Date "2004.12.21"]
[Round "7.7"]
[White "Kohi, Armand"]
[Black "Catherine, Pierre Emmanuel"]
[Result "1-0"]
[WhiteElo "1380"]
[BlackElo "1290"]
[PlyCount "87"]
[EventDate "2004.12.16"]
[EventType "team"]
[EventRounds "7"]
[EventCountry "FRA"]
[SourceTitle "EXT 2006"]
[Source "ChessBase"]
[SourceDate "2005.11.24"]
[SourceVersion "1"]
[SourceVersionDate "2005.11.24"]
[SourceQuality "1"]
[WhiteTeam "AECE"]
[BlackTeam "Rennes Paul Bert"]
[WhiteTeamCountry "FRA"]
[BlackTeamCountry "FRA"]

1. d4 d5 2. c4 c6 3. Nc3 Nf6 4. Bg5 Bf5 5. f4 h6 6. Bh4 g5 7. fxg5 hxg5 8. Bxg5 Nbd7 9. cxd5 cxd5 10. Nf3 Bh6 11. Bxh6 Rxh6 12. e3 e6 13. Be2 Qb6 14. Na4 Qb4+ 15. Qd2 Qxa4 16. e4 dxe4 17. Qxh6 Qb4+ 18. Nd2 e3 19. Qxe3 0-0-0 20. Qc3+ Qxc3 21. bxc3 Re8 22. Bb5 e5 23. Kd1 exd4 24. cxd4 Bg4+ 25. Kc2 Re2 26. Bxe2 Bxe2 27. Nf3 b5 28. Rhe1 Bc4 29. Ne5 Nxe5 30. dxe5 Nd5 31. e6 fxe6 32. Rxe6 Nb4+ 33. Kc3 Bxe6 34. Kxb4 a6 35. h4 Kd8 36. Rf1 Bc4 37. Rf4 Ke7 38. g4 Ke6 39. Rf2 Kd5 40. g5 Kc6 41. h5 a5+ 42. Kxa5 Bd3 43. g6 Kc5 44. g7 1-0

[Event "FRA-chT U20 0405"]
[Site "Agneaux"]
[Date "2004.12.20"]
[Round "6.7"]
[White "Catherine, Pierre Emmanuel"]
[Black "Giroyan, Gary"]
[Result "0-1"]
[WhiteElo "1290"]
[BlackElo "1760"]
[PlyCount "82"]
[EventDate "2004.12.16"]
[EventType "team"]
[EventRounds "7"]
[EventCountry "FRA"]
[SourceTitle "EXT 2006"]
[Source "ChessBase"]
[SourceDate "2005.11.24"]
[SourceVersion "1"]
[SourceVersionDate "2005.11.24"]
[SourceQuality "1"]
[WhiteTeam "Rennes Paul Bert"]
[BlackTeam "Cannes"]
[WhiteTeamCountry "FRA"]
[BlackTeamCountry "FRA"]

1. e4 e5 2. f4 exf4 3. Nf3 g5 4. d4 Bg7 5. Nc3 d6 6. d5 Bg4 7. Be2 Qe7 8. h3 Bh5 9. g4 fxg3 10. Bxg5 Bxc3+ 11. bxc3 Qxe4 12. Rg1 Bxf3 13. Rxg3 Qxe2+ 14. Qxe2+ Bxe2 15. Kxe2 Nd7 16. Re3+ Ne5 17. Rf1 f6 18. Bxf6 Nxf6 19. Rxf6 0-0-0 20. Rg3 Rde8 21. Kd2 Rhg8 22. Rxg8 Rxg8 23. Ke3 Nd7 24. Re6 Kd8 25. c4 Rg3+ 26. Kf4 Rxh3 27. Kg4 Rh1 28. Kf5 Nc5 29. Rf6 Rf1+ 30. Kg5 Ne4+ 31. Kh6 Rxf6+ 32. Kxh7 Rf2 33. Kg6 Ke7 34. Kg7 Rg2+ 35. Kh6 Kf6 36. Kh5 Rg8 37. Kh4 Kf5 38. Kh3 Kf4 39. Kh2 Kf3 40. Kh1 Kf2 41. Kh2 Rh8# 0-1